பொறுப்பது உன் விதியோ? : நாடகங்கள் /
Poruppathu un vithiyo?
Saved in:
| Format: | Book |
|---|---|
| Published: |
பண்டத்தரிப்பு :
மறுமலர்ச்சி மன்றம்,
2022.
|
| Tags: |
Add Tag
No Tags, Be the first to tag this record!
|
MARC
| LEADER | 00000nam a2200000 a 4500 | ||
|---|---|---|---|
| 003 | LK-CoNLD | ||
| 005 | 20260407134853.0 | ||
| 008 | 260407b |||||||| |||| 00| 0 ||| d | ||
| 017 | |b LK-CoDNA | ||
| 020 | |a 9786246309008 | ||
| 040 | |a LK-CoNLD |b TAM |c LK-CoNLD |d LK-CoNLD | ||
| 082 | |2 23 |q LK-CoNLD | ||
| 245 | |6 880 - 1 |a பொறுப்பது உன் விதியோ? : |b நாடகங்கள் / |c பு. கணேசராசா. | ||
| 260 | |a பண்டத்தரிப்பு : |b மறுமலர்ச்சி மன்றம், |c 2022. | ||
| 300 | |a ப. xii, 146 ; | ||
| 880 | |6 245-1 |a Poruppathu un vithiyo? | ||
| 942 | |c BOOK | ||
| 945 | |a 22 |b Logeshwary RAMASAMY |c 22 |d Logeshwary RAMASAMY | ||
| 999 | |c 298730 |d 298730 | ||